00462nam a22001337a 450000500170000000800410001702000180005804000130007608200180008910000160010724501590012326000350028230000110031720250303111515.0250303b |||||||| |||| 00| 0 eng d a9783030774585 cPK-LaUMT a004.67bOSA-B aOsama Bazan aBeamforing antennas in wireless networks :bmultihop and milimeter wave communication networks /cby Osama Bazan, Baha Uddin Kazi and Muhammad Jaseemuddin aSwitzerland :bSpringer,c2021 a124 p.